| 000 | 00763nam a2200241 a 4500 | ||
|---|---|---|---|
| 999 |
_c4358 _d4358 |
||
| 003 | ALUPE UNIVERSITY COLLEGE | ||
| 005 | 20220323063634.0 | ||
| 008 | 500101s1993 enk 000 0 eng d | ||
| 020 | _a0727908146 | ||
| 040 | _cALUPE UNIVERSITY COLLEGE | ||
| 050 |
_aRC106 _b.H27 |
||
| 092 | _aD0501725774 | ||
| 100 | 1 | _aHarding, Richard | |
| 245 | 1 | 0 |
_aAviation medicine / _cRichard M. Harding, F. John Mills ; with contributions from Roger Green, P.J.C. Chapman and Terence E. Martin |
| 250 | _a3rd ed | ||
| 260 |
_aLondon : _bBMJ, _c1993 |
||
| 300 |
_avii, 218 p ; _c22 cm |
||
| 500 | _aPrevious ed.: 1988 | ||
| 650 | 0 | _aAviation medicine | |
| 700 | 1 | _aMills, F. John. | |
| 942 |
_2lcc _cBK _nPW |
||